| 000 | 01242nam0a22003251 4500 | ||
|---|---|---|---|
| 001 | RU\INFOCOMM_322\NLR\5000228997 | ||
| 005 | 20250613112222.0 | ||
| 035 | _a(NLR Aleph) 009606432 | ||
| 090 |
_a9343861 _c9343861 |
||
| 100 | _a20130313d1985 |||y0rusy50 ca | ||
| 101 | 0 | _aeng | |
| 102 | _aRU | ||
| 105 | _ay z ||||| | ||
| 200 | 1 |
_aScattering in conformal invariant quantum mechanics _fA. I. Oksak |
|
| 210 |
_aSerpukhov _cИн-т физики высок. энергий _d1985 |
||
| 215 |
_a9 с. _d21 см |
||
| 225 | 1 |
_aUSSR State commission for utilization of atomic energy, Institute for high energy physics _vИФВЭ 85-31 |
|
| 300 | _aВ вып. дан.: Рассеяние в конформно-инвариантной квантовой механике / А. И. Оксак | ||
| 300 | _aРез. на рус. яз. | ||
| 300 | _a"Submitted to "Teor. mat. fiz."" | ||
| 320 | _aБиблиогр.: с. 8-9 | ||
| 606 | 0 |
_aКвантовая механика _xТеория рассеяния _2nlr_sh1 |
|
| 620 | _aСерпухов | ||
| 686 |
_aВ314.3 _2rubbk |
||
| 700 | 1 |
_aOksak _bA. I. |
|
| 801 | 1 |
_aRU _bInfocomm _c20130313 |
|
| 801 | 0 |
_aRU _bINFOCOMM _gPSBO |
|
| 852 |
_aNLR _jФз01 Д-4/2758 |
||
| 942 | _cBOOK | ||
| 980 | _aNB | ||